|
|
|
|
| LEADER |
00000nam0a2200000 4500 |
| 001 |
239569 |
| 005 |
20231101231701.0 |
| 010 |
|
|
|a 5020107697
|
| 035 |
|
|
|a (RuTPU)RU\TPU\book\260790
|
| 090 |
|
|
|a 239569
|
| 100 |
|
|
|a 20130610d1990 m y0rusy50 ca
|
| 101 |
0 |
|
|a rus
|
| 102 |
|
|
|a RU
|
| 105 |
|
|
|a a z 001zy
|
| 200 |
1 |
|
|a Пути к технологическому сотрудничеству (тенденции 80-х годов)
|f Академия наук СССР (АН СССР), Институт экономики и прогнозирования научно-технического прогресса (ИЭПНТП) ; под ред. Ю. С. Ширяева
|
| 210 |
|
|
|a Москва
|c Наука
|d 1990
|
| 215 |
|
|
|a 224 с.
|
| 320 |
|
|
|a Библиогр. в конце ст.
|
| 606 |
1 |
|
|a Экономическое сотрудничество социалистических стран
|2 stltpush
|3 (RuTPU)RU\TPU\subj\37463
|9 58434
|
| 610 |
1 |
|
|a СЭВ
|
| 610 |
1 |
|
|a наука
|
| 610 |
1 |
|
|a производство
|
| 610 |
1 |
|
|a сотрудничество
|
| 610 |
1 |
|
|a научно-технический потенциал
|
| 610 |
1 |
|
|a хозяйственный механизм
|
| 610 |
1 |
|
|a рекламная деятельность
|
| 610 |
1 |
|
|a научно-технический прогресс
|
| 610 |
1 |
|
|a торговые связи
|
| 686 |
|
|
|a У680.6
|2 rubbk
|
| 702 |
|
1 |
|a Ширяев
|b Ю. С.
|4 340
|
| 712 |
0 |
2 |
|a Академия наук СССР (АН СССР)
|b Институт экономики и прогнозирования научно-технического прогресса (ИЭПНТП)
|c (Москва)
|c (1986-1991)
|2 stltpush
|3 (RuTPU)RU\TPU\col\17058
|
| 801 |
|
1 |
|a RU
|b 63413507
|c 20130610
|
| 801 |
|
2 |
|a RU
|b 63413507
|c 20130614
|g RCR
|
| 942 |
|
|
|c BK
|